000 00655nam a2200193Ia 4500
003 GCL
008 140319s9999 xx 000 0 ara d
040 _aGCL /
_cGCL
082 0 4 _a813.009
_bم ف
100 1 _aمحمد عزام
245 1 0 _aقضاء النص الروائى : مقاربة بنيوية تكوينية فى ادب نبيل سليمان /
_cمحمد عزام
260 _a[S.N] :
_bدار الحوار للنشر والتوزيع ،
_c1996
300 _a208 ص
490 _a
650 0 4 _aالادب العربى
650 0 4 _aالقصص العربية - تاريخ ونقد
650 0 4 _aنبيل سليمان
942 _2ddc
_cBK
999 _c32226
_d32226